| 000 | 00397nam a2200169Ia 4500 | ||
|---|---|---|---|
| 008 | 151213s9999 xx 000 0 und d | ||
| 020 | _a817656540-7 | ||
| 100 | _aE.Petroutsos | ||
| 245 |
_aVisual Basic Net _cE.Petroutsos |
||
| 250 | _a1st | ||
| 260 |
_aNew Delhi _bB P B.Puo _c2002 |
||
| 300 | _a5302 p. | ||
| 650 | _aComputer | ||
| 650 | _aComputer | ||
| 700 | _aE.Petroutsos | ||
| 999 |
_c3259 _d3259 |
||